| 000 | 01053nam a2200241 4500 | ||
|---|---|---|---|
| 001 | 78475 | ||
| 003 | BD-RjUL | ||
| 005 | 20211209083132.0 | ||
| 008 | 210927r19741971bg ||||| |||| 00| 0 ben d | ||
| 020 | _c:Tk. 22.00 | ||
| 035 | _a(BD-RjUL)78701 | ||
| 040 |
_aBD-RjUL _beng _cBD-RjUL |
||
| 041 | _aeng | ||
| 082 |
_223 _a954.92 _bRAK 1974 |
||
| 245 | 0 | 0 |
_aরক্তাক্ত বাংলা / _cসংকলন: মুক্তধারা |
| 260 |
_aঢাকা: _bমুক্তধারা, _c১৯৭১ [পুনমুর্দ্রণ ১৯৭৪] |
||
| 300 |
_a[১০], ৪৮৬, ২৬ পৃ. : _bচিত্র; _c২১ সেমি. |
||
| 500 | _a"মুজিবনগরে প্রথম প্রকাশ: আগষ্ট ১৯৭১ ; ঢাকায় পুনমুর্দ্রণ: জুলাই ১৯৭৪" | ||
| 651 |
_aবাংলাদেশ _xইতিহাস _9248501 |
||
| 651 |
_aBangladesh _xHistory _9248502 |
||
| 710 |
_aমুক্তধারা, সংকলক _9248503 |
||
| 942 |
_2ddc _cRAR |
||
| 999 |
_c78475 _d78475 |
||